|
|
|
|
| LEADER |
00000nam a22000007a 4500 |
| 005 |
20210224222542.0 |
| 007 |
cr|||| |||| |
| 008 |
210224s2013 us |||||s|||| 00||0 eng d |
| 020 |
|
|
|a 9781614388517
|
| 035 |
|
|
|a 31233
|
| 040 |
|
|
|a vLex
|
| 090 |
|
|
|c 11260
|d 11260
|
| 100 |
1 |
|
|a Goldberg, Seymour
|
| 245 |
1 |
0 |
|a IRA Guide to IRS Compliance Issues
|h [Recurso electrn̤ico] :
|b Including IRA Trust Violations /
|c Seymour Goldberg
|
| 256 |
|
|
|a Servicio en ln̕ea
|
| 260 |
|
|
|a Chicago:
|b American Bar Association,
|c 2013
|
| 300 |
|
|
|a 1 recurso electrn̤ico
|
| 500 |
|
|
|a Discover the mistakes that are made by IRA account holders from an IRS compliance point of view with this essential guide.
|
| 506 |
1 |
|
|a Disponible solo en los productos indicados
|d vLex Global
|d vLex Global (Academic Edition, excluding Law Schools)
|d vLex Global (Academic Edition, Law Schools)
|
| 650 |
0 |
4 |
|a Derecho Tributario
|z Estados Unidos
|
| 740 |
0 |
|
|a vLex Libros (Servicio en ln̕ea)
|
| 856 |
4 |
0 |
|u http://vlex.com/source/ira-guide-to-irs-compliance-issues-including-ira-trust-violations-31233
|z Acceso restringido
|
| 942 |
|
|
|c BOOK
|
| 999 |
0 |
|
|a Tax Law
|